00412nam a2200157Ia 45000010006000000050017000060080041000230410008000640820016000721000040000882450073001282600009002013000028002106500008002386540008002462083120260306172834.0260306t2016||||xx |||||||||||||| ||spa|| aESP a343.8bF42A aFernández Ventosilla, ArturoeAUT 0aPresunciones tributarias:bcriterios de su aplicación por la SUNAT c2016 a214 páginas :c24 cm. aGEN aCDE